Actas del VII Congreso de la Asociacin̤ Espaǫla de Profesores de Derecho Administrativo

Bibliographic Details
Other Authors: Casado Casado, Luca̕
Format: eBook
Language:Spanish
Published: Madrid : Instituto Nacional de Administracin̤ Pb︢lica (INAP), 2012
Subjects:
Online Access:http://www.vlex.com/source/6859

MARC

LEADER 00000nam a22000007a 4500
005 20130121183128.0
007 cr|||| ||||
008 130121e2012 sp |||||s|||| 10||0 spa d
020 |a 8470888129 
035 |a 6859 
040 |a vLex 
090 |c 3573  |d 3573 
245 0 0 |a Actas del VII Congreso de la Asociacin̤ Espaǫla de Profesores de Derecho Administrativo  |h [Recurso electrn̤ico] 
256 |a Servicio en ln̕ea 
260 |a Madrid :  |b Instituto Nacional de Administracin̤ Pb︢lica (INAP),   |c 2012 
300 |a 1 Recurso electrn̤ico 
650 0 4 |a Derecho administrativo 
650 0 4 |a Educacin̤  |z Espaą 
700 1 0 |a Casado Casado, Luca̕  
740 |a vLex Libros (Servicio en ln̕ea) 
856 |a Acceso restringido  |u http://www.vlex.com/source/6859 
942 |c BOOK 
999 0 |a Administrative law